000 00751nam a22002057a 4500
999 _c17980
_d17980
005 20251125232902.0
008 s2537 th tha d
020 _a9747445387
040 _aNALT
041 _atha
245 1 0 _aคู่มือกฎหมายสำหรับผู้หญิง
260 3 _aกรุงเทพฯ :
_bคบไฟ,
_c2537
300 _a264 หน้า ;
_b 21 ซม.
650 0 4 _aสตรี -- กฎหมายและระเบียบข้อบังคับ
850 _aNALT
856 4 0 _uhttps://hdl.handle.net/20.500.14156/302425
_71
942 _cLB
_01
_2lcc
998 _j25
_k นีลวัสน์ อินทรักษา
090 _aKS54.3 ช762ค 2537